000 01547nam1a2200325 4500
001 RU\NLR\BIBL_A\010589494
005 20230919124234.0
010 _a978-5-346-02753-9
_bобщ.
035 _a(NLR Aleph) 010589494
090 _a10496802
_c10496802
100 _a20140320g20139999u y0rusy50 ca
101 0 _arus
102 _aRU
105 _a||||j||||||||
200 1 _aЛитература
_e10 класс
_eучебник
_eдля общеобразовательных учреждений
_e(базовый и углубленный уровни)
_eв 3 ч.
_f[доктора пед. наук Г.Н. Ионин, Е.Ф. Роговер, к.филол.н. В.И. Кайгородов и др.]
_gпод ред. Г.Н. Ионина, Г.И. Беленького
205 _a5-е изд., стер.
210 _aМосква
_cМнемозина
_d2013
215 _d22
225 1 _aРусский язык и литература
225 1 _aФГОС
606 1 _aРусская литература
_jУчебные издания для средней школы
_2nlr_sh2
_3RU\NLR\AUTH\6678541
686 1 _aШ5(2=Р)я721-1
701 1 _aИонин
_bГ. Н.
_f1936-2021
_gГерман Николаевич
_3RU\NLR\AUTH\7722089
701 1 _aРоговер
_bЕ. Ф.
701 1 _aКайгородов
_bВ. И.
_gВладимир Иванович
852 _aNLR
_j2014-5/2088
942 _cBOOK
980 _aNB